Statystyki dla Bayern Monachium 2019/2020

Kliknij tutaj aby rozwiązać quiz!

Ogólne statystyki

  • Ten quiz został rozwiązany 528 razy
  • Średni wynik to 15 z 24

Statystyki odpowiedzi

PozycjaImię i Nazwisko% Poprawnych
BramkarzManuel Neuer
99%
NapastnikRobert Lewandowski
99%
ObrońcaJerome Boateng
92%
ObrońcaDavid Alaba
85%
NapastnikThomas Muller
84%
ObrońcaJoshua Kimmich
84%
NapastnikSerge Gnabry
83%
NapastnikKingsley Coman
80%
ObrońcaNiklas Sule
78%
ObrońcaBenjamin Pavard
71%
ObrońcaLucas Hernandez
70%
PomocnikPhilippe Coutinho
69%
PomocnikThiago
69%
PomocnikLeon Goretzka
64%
PomocnikJavi Martínez
63%
BramkarzSven Ulreich
62%
PomocnikAlphonso Davies
59%
PomocnikCorentin Tolisso
52%
NapastnikIvan Perisic
48%
NapastnikFiete Arp
32%
BramkarzChristian Fruchtl
19%
PomocnikMichael Cuisance
16%
ObrońcaLars Lukas Mai
14%
BramkarzRon-Thorben Hoffmann
10%

Rozkład punktacji

Percentyl według liczby udzielonych odpowiedzi

Procent ludzi z każdym wynikiem

Twoja historia wyników

Nie rozwiązałeś tego quizu